00418 2200157 4500245006600000020002200066250001000088100001900098700001600117005001900133260005700152041001400209084001000223300001800233336000900251 aUpacara Adat Bersawah Khauri Blang AcehcAzhari ZakariahText a978-602-6477-47-7 aCet.1 aAzhari Zakaria aInnerChilld a20240926103027 aJakartabKementerian Pendidikan dan Kebudayaanc2019 aIndonesia a741.5 a49 hlm :cpdf atext